|
|
|
|
| LEADER |
00766nab a2200205 i 4500 |
| 001 |
acta63201 |
| 005 |
20251215145308.0 |
| 008 |
200131s2015 hu o 000 ukr d |
| 022 |
|
|
|a 1586-0736
|
| 040 |
|
|
|a SZTE Egyetemi Kiadványok Repozitórium
|b hun
|
| 041 |
|
|
|a ukr
|
| 100 |
1 |
|
|a Mirai Tímea
|
| 245 |
1 |
0 |
|a Do pitannâ perekladu onomastikonu romanu Ûrìâ Andruhoviča rekreacìï
|h [elektronikus dokumentum] :
|b Ìgor Bìlinkevič ta ûrko nemirič /
|c Mirai Tímea
|
| 260 |
|
|
|c 2015
|
| 300 |
|
|
|a 167-177
|
| 490 |
0 |
|
|a Hungaro-Ruthenica
|v 7
|
| 650 |
|
4 |
|a Bölcsészettudományok
|
| 650 |
|
4 |
|a Nyelvek és irodalom
|
| 695 |
|
|
|a Névtan, Nyelvészet, Irodalomtudomány
|
| 856 |
4 |
0 |
|u http://acta.bibl.u-szeged.hu/63201/1/hungaro_ruthenica_007_167-177.pdf
|z Dokumentum-elérés
|